| 000 | 00877nam a2200217 i 4500 | ||
|---|---|---|---|
| 001 | 186470 | ||
| 003 | ES-MaACL | ||
| 005 | 20230906222657.0 | ||
| 008 | 161116s1969 sp |||| | spa d | ||
| 100 | 1 |
_aThoorens, Léon. _9110130 |
|
| 245 | 1 | 0 |
_aInglaterra y América del Norte _b: Gran Bretaña y Estados Unidos de América / _cLéon Thoorens ; [traducido del francés por L. Rodríguez]. |
| 260 |
_aMadrid : _bDaimon, _cD.L. 1969. |
||
| 300 |
_a384 p., 14 h. de lám. col. y n. : _bil. ; _c19 cm. |
||
| 490 | 1 |
_aPanorama de las literaturas Daimon ; _v3 |
|
| 650 | 4 |
_aLiteratura norteamericana- _xHistoria y crítica. _914643 |
|
| 650 | 0 | 4 |
_aLiteratura inglesa- _xHistoria y crítica. _914628 |
| 700 | 1 |
_aRodríguez, L. _998270 |
|
| 830 | 0 |
_aPanorama de las literaturas Daimon ; _v3 _9192564 |
|
| 852 |
_aES-MaACL _jD-2311 _q- Faltan p. 240 a 265 |
||
| 999 |
_c186470 _d186470 |
||